000 00219nam a22000857a 4500
008 160921b xxu||||| |||| 00| 0 eng d
100 _9696
_aRoald Dahl
245 _aFantastic Mr Fox
260 _aUSA
_bJonathan publication
_c1983
999 _c3353
_d3353